000 00471nam a2200169Ia 4500
999 _c13025
_d13025
003 OSt
005 20201015112036.0
008 190216s9999||||xx |||||||||||||| ||und||
040 _coclc
082 _a823.914
_bHIG/S
100 _aHiggins, Jack
_94862
245 0 _aStorm Warning /
_cJack Higgins
260 _bPan Books London,
_c1980.
_aMadras:
300 _a254p
650 _aEnglish Novel
942 _cBK
_2ddc
_h823.914
_iHIG/S
_k823.914
_mHIG/S